Statistics for Guess the Famous People from their Eyes #26

Click here to take the quiz!

General Stats

  • This quiz has been taken 43 times
  • The average score is 6 of 16

Answer Stats

Answer% Correct
Kristen Stewart
65%
Demi Lovato
63%
James Franco
58%
Julianne Moore
58%
Diego Maradona
55%
Michael B. Jordan
50%
Kaley Cuoco
48%
Peter Dinklage
48%
Amy Poehler
43%
Cara Delevingne
40%
Cyndi Lauper
35%
Johnny Cash
28%
Michael Gambon
25%
Keke Palmer
15%
Richard Burton
10%
Stone Cold Steve Austin
8%

Score Distribution

Percentile by Number Answered

Percent of People with Each Score

Your Score History

You have not taken this quiz